Statistics for Things countries would never say

Click here to take the quiz!

General Stats

  • This quiz has been taken 86 times
  • The average score is 7 of 8

Answer Stats

HintAnswer% Correct
The Falkland Islands belong to the UK!Argentina
97%
Trump is a great man and i want to pay for the wall!Mexico
97%
Japan and South Korea and the US are the greatest nations on Earth!North Korea
97%
I wish i was part of SudanSouth Sudan
97%
Pakistan and i are best friends! We eat burgers together all the time!India
96%
Russia should own Crimea!Ukraine
96%
I love chewing gum!Singapore
85%
Turkey commiting genocide? Never!Armenia
77%

Score Distribution

Percentile by Number Answered

Percent of People with Each Score

Your Score History

You have not taken this quiz